Professional journalism (Record no. 7202)

MARC details
000 -LEADER
fixed length control field 00524cam a2200217ua 4500
001 - CONTROL NUMBER
control field 8091
005 - DATE AND TIME OF LATEST TRANSACTION
control field 20260515114307.0
008 - FIXED-LENGTH DATA ELEMENTS--GENERAL INFORMATION
fixed length control field 150108n ii |||gr||||Z||||||hin
020 ## - INTERNATIONAL STANDARD BOOK NUMBER
International Standard Book Number 8185234132
040 ## - CATALOGING SOURCE
Transcribing agency MAIN
041 ## - LANGUAGE CODE
Language code of text/sound track or separate title hin
082 ## - DEWEY DECIMAL CLASSIFICATION NUMBER
Classification number 070.4
100 ## - MAIN ENTRY--PERSONAL NAME
Personal name Jain, R.,
Relator term Author.
245 1# - TITLE STATEMENT
Title Professional journalism
Statement of responsibility, etc. By Ramesh Jain
250 ## - EDITION STATEMENT
Edition statement 1st.
260 ## - PUBLICATION, DISTRIBUTION, ETC.
Place of publication, distribution, etc. Joypur:
Name of publisher, distributor, etc. Buhara,
Date of publication, distribution, etc. 1992.
300 ## - PHYSICAL DESCRIPTION
Extent 368p.
653 ## - INDEX TERM--UNCONTROLLED
Uncontrolled term News media, journalism & publishing
653 ## - INDEX TERM--UNCONTROLLED
Uncontrolled term Professional jounalism
942 ## - ADDED ENTRY ELEMENTS (KOHA)
Koha item type Books
Holdings
Withdrawn status Lost status Damaged status Not for loan Home library Current library Shelving location Date acquired Total checkouts Full call number Barcode Date last seen Copy number Price effective from Koha item type
        Naharkatiya College Library Naharkatiya College Library General stacks 09/19/2020   070.4 | JAI 6874 09/19/2020 1 09/19/2020 Books